| 000 | 00483nam a2200181Ia 4500 | ||
|---|---|---|---|
| 001 | 24740 | ||
| 005 | 20260414151103.0 | ||
| 008 | 260414t2003||||xx |||||||||||||| ||spa|| | ||
| 041 | _aESP | ||
| 082 |
_a345.73 _bP72 |
||
| 100 |
_aPoder Judicial _eAUT |
||
| 245 | 0 |
_aHacia la refundación del Poder Judicial : _bla nueva visión para el cambio en la justicia |
|
| 260 | _c2003 | ||
| 300 |
_a127 páginas : _c21 cm. |
||
| 650 | _aDER | ||
| 654 | _aCDE | ||
| 942 |
_cLIB _dJUS _fJUS _2ddc _n |
||
| 999 |
_c24740 _d24740 |
||